000 00293nam a22001337a 4500
008 170126b xxu||||| |||| 00| 0 eng d
020 _a9780070067219
041 _aeng
080 _a61
100 _a3
101 _aMED
245 _aNOT WHAT THE DOCTOR ORDERED
_cBAUER, J.C
942 _2udc
_cBK
999 _c3806
_d3806